000
00277nam a2200109Ia 4500
008
190216s9999||||xx |||||||||||||| ||und||
100
_a
Buzaev A
245
0
_a
Political Economics A Bigniners Course
260
_b
"Progress Publishers, Moscow"
650
_a
Economics
942
_c
BK
999
_c
9789
_d
9789